Statystyki dla Kadra Chelsea w LM 2010/2011

Kliknij tutaj aby rozwiązać quiz!

Ogólne statystyki

  • Ten quiz został rozwiązany 147 razy
  • Średni wynik to 11 z 21

Statystyki odpowiedzi

pozycjakrajpiłkarz% Poprawnych
BCZEPetr Cech
100%
NWKSDidier Drogba
96%
OENGJohn Terry
90%
PGHAMichael Essien
87%
PENGFrank Lampard
84%
OENGAshley Cole
73%
NFRANicolas Anelka
65%
PNGAMikel John Obi
64%
NWKSSalomon Kalou
55%
PFRAFlorent Malouda
54%
TrenerITACarlo Ancelotti
52%
PBRARamires
51%
OPORJose Bosingwa
50%
OBRAAlex
30%
OPORPaulo Ferreira
30%
BPORHilario
26%
NENGDaniel Sturridge
23%
PRUSJurij Zirkow
20%
ONEDPatrick van Aanholt
11%
NITAFabio Borini
9%
ONEDJeffrey Bruma
7%

Rozkład punktacji

Percentyl według liczby udzielonych odpowiedzi

Procent ludzi z każdym wynikiem

Twoja historia wyników

Nie rozwiązałeś tego quizu